| 000 | 00635cam a22002297a 4500 | ||
|---|---|---|---|
| 001 | 002137 | ||
| 003 | armpunfd | ||
| 005 | 20140612090700.0 | ||
| 008 | 080214e0####xx#a##########000#0#und#d | ||
| 040 |
_aarmpunfd _carmpunfd |
||
| 080 | _a342.1 + 340.12 P 331 | ||
| 100 | 1 | 0 | _a Peces- Barba, Gregorio |
| 245 | 1 | 0 | _aLibertad. poder. socialismo |
| 260 |
_a Adrid : Peces- Barba _b Gregorio |
||
| 300 | _a1978 | ||
| 650 | 7 |
_a Derechos Fundamentales _2LEMB |
|
| 650 | 7 |
_a Estado De Derecho _2LEMB |
|
| 650 | 7 |
_a Filosofia Del Derecho _2LEMB |
|
| 650 | 7 |
_a Socialismo _2LEMB |
|
| 942 |
_cLB _2cdu |
||
| 945 |
_aCatalis _d2010-08-19 |
||
| 999 |
_c2127 _d232631 |
||